Geography of India/ (Record no. 213489)

MARC details
000 -LEADER
fixed length control field 00629nam a22002057a 4500
005 - DATE AND TIME OF LATEST TRANSACTION
control field 20250929111646.0
010 ## - LCCN (DPL NO)
LC control number ENG-146880
020 ## - INTERNATIONAL STANDARD BOOK NUMBER
International Standard Book Number 9789364684866
Terms of availability 500.00
035 ## - SYSTEM CONTROL NUMBER
System control number EN-130412
037 ## - SOURCE OF ACQUISITION
Source of stock number/acquisition DBAD
082 ## - DEWEY DECIMAL CLASSIFICATION NUMBER
Edition number 1
Classification number 913
100 ## - MAIN ENTRY--PERSONAL NAME
Personal name Alok Singh
245 ## - TITLE STATEMENT
Title Geography of India/
Statement of responsibility, etc Alok Singh
250 ## - EDITION STATEMENT
Edition statement 1
260 ## - PUBLICATION, DISTRIBUTION, ETC. (IMPRINT)
Place of publication, distribution, etc Uttar Pradesh
Name of publisher, distributor, etc S. Chand Publishing
Date of publication, distribution, etc 2025
270 ## - ADDRESS
Address D-92, Sector-2, Noida
City Uttar Pradesh
Postal code 201301
Telephone number 61-120-4682700
300 ## - PHYSICAL DESCRIPTION
Extent 358p.
Dimensions 27cm(pb)
500 ## - GENERAL NOTE
General note for UPSC, MPSC & Other State PSC Civil Services Examinations 2025
942 ## - ADDED ENTRY ELEMENTS (KOHA)
Source of classification or shelving scheme Dewey Decimal Classification
Item type English Books
Call number suffix ALO
Classification part 913
Holdings
Withdrawn status Lost status Not for loan Collection code Home library Current library Date acquired Source of acquisition Cost, normal purchase price Full call number Barcode Copy number Cost, replacement price Koha item type
      Non-fiction Central Library Central Library 29/09/2025 Delivery of Books Act Division 500.00 ALO 913 EN-130412 1 500.00 English Books

© Delhi Public Library
Hit Counter
free hit counter